Countries that have Won the Most Eurovisions - Statistics

General Stats
  • This quiz has been taken 102,814 times
    16,852 since last reset
  • The average score is 11 of 13
Answer Stats
Wins Most Recent Country % Correct
7 2023 Sweden
98%
5 1997 United Kingdom
98%
5 1977 France
93%
3 2021 Italy
93%
3 2009 Norway
91%
7 1996 Ireland
89%
3 2025 Austria
88%
3 2024 Switzerland
88%
5 2019 Netherlands
87%
4 2018 Israel
82%
3 2022 Ukraine
82%
3 2013 Denmark
80%
5 1983 Luxembourg
61%
No matching quizzes found
Score Distribution
Percent of People with Each Score
Percentile by Number Answered
Your Score History
You have not taken this quiz since the last reset